| 000 | 00961nam a2200277 i 4500 | ||
|---|---|---|---|
| 001 | 105453 | ||
| 003 | ES-MaACL | ||
| 005 | 20230906183906.0 | ||
| 007 | t| | ||
| 008 | 060713s1966 fr a |||| | spa d | ||
| 080 | _a32(46)"1939/75"(04) | ||
| 080 | _a308(46)"1939/75"(04) | ||
| 080 | _a338(46)"1939/75"(04) | ||
| 245 | 0 | 0 | _aHorizonte español 1966. |
| 260 |
_a[París] : _bRuedo Ibérico, _c1966. |
||
| 300 |
_a2 v. : _bil. ; _c21 cm. |
||
| 490 | 1 |
_aCuadernos de Ruedo Ibérico ; _vsuplemento 1966 |
|
| 651 | 4 |
_aEspaña- _xHistoria- _y1939-1975, Dictadura. _9167928 |
|
| 651 | 4 |
_aEspaña- _xSituación social- _y1939-1975. _9163951 |
|
| 651 | 4 |
_aEspaña- _xSituación económica- _y1939-1975. _9163578 |
|
| 710 | 2 |
_aÉditions Ruedo ibérico. _9145333 |
|
| 830 | 1 |
_aCuadernos de Ruedo Ibérico ; _vsuplemento 1966 _9185038 |
|
| 852 |
_aES-MaACL _jAND-252-53 _z- Biblioteca Juan Andrade |
||
| 852 |
_aES-MaACL _jL-3132-33 |
||
| 999 |
_c105453 _d105453 |
||